00693nam a2200193Ia 4500008004100000020001400041082001400055100001700069245009200086250000700178260004000185300003300225500001900258600002100277650005000298942000700348952012900355999001500484240925s9999 xx 000 0 und d a965081915 a004.3 AXE aAxelson, Jan 0aParallel Port Complete: programming ,interfacing,& using the PC's parallel printer port aNA aMadison:bLakeview Researchc,2000. axxxiii,1017p.bN.AfOriginal aIncludes Index aComputer Science aComputer science, information & general works cBK 001040708CSaUITUbUITUd2004-04-26eKhaliq book Binderg302.00l0o004.3 AXEpQ5624r2024-09-25 07:13:55w2024-09-25yBK c8123d8123